<?xml version="1.0" encoding="UTF-8"?>
<marc:record xmlns:marc="http://www.loc.gov/MARC21/slim">
   <marc:leader>00000nam a2200000 a 4500</marc:leader>
   <marc:datafield ind1="1" ind2=" " tag="100">
      <marc:subfield code="a">Senzel, Holger</marc:subfield>
      <marc:subfield code="4">aut</marc:subfield>
      <marc:subfield code="e">Verfasser/-in</marc:subfield>
   </marc:datafield>
   <marc:datafield ind1=" " ind2=" " tag="653">
      <marc:subfield code="a">Depressionen</marc:subfield>
   </marc:datafield>
   <marc:datafield ind1="0" ind2="0" tag="245">
      <marc:subfield code="a">Arschtritt</marc:subfield>
   </marc:datafield>
   <marc:datafield ind1="0" ind2="0" tag="245">
      <marc:subfield code="b">mein Weg aus der Depression zurück ins Leben</marc:subfield>
   </marc:datafield>
   <marc:datafield ind1="0" ind2="0" tag="245">
      <marc:subfield code="c">Holger Senzel</marc:subfield>
   </marc:datafield>
   <marc:datafield ind1=" " ind2="1" tag="264">
      <marc:subfield code="a">München</marc:subfield>
      <marc:subfield code="b">Südwest-Verl.</marc:subfield>
      <marc:subfield code="c">2011</marc:subfield>
   </marc:datafield>
   <marc:datafield ind1="1" ind2=" " tag="520">
      <marc:subfield code="a">"Sie sind auch liebenswert, wenn Sie schwach sind!&#x93; hörte der Journalist Holger Senzel immer wieder von seinen Therapeuten. Aber sie halfen ihm nicht stark zu werden. Fünfmal begab der Autor sich auf die Reise ins eigene Ich &#x96; und bekam sein Leben trotzdem nicht in den Griff. Auch wenn er seine Fehler erkannte und lernte, was schief lief, und wie er es besser machen könnte. Aber was nützt alle Erkenntnis, wenn die Kraft zur Veränderung fehlt. Irgendwann gab er die Seelenbeschau auf und trat sich einfach mal für vier Wochen selbst in den Hintern. Sport, Theater, Museen, Bücher, Aufräumen, Kochen, Steuererklärung machen, nicht trinken, nicht fernsehen... Große Lebensfragen ignorieren und sich nur ums Machbare kümmern.</marc:subfield>
   </marc:datafield>
   <marc:datafield ind1=" " ind2=" " tag="020">
      <marc:subfield code="a">9783517086538</marc:subfield>
      <marc:subfield code="9">9783517086538</marc:subfield>
   </marc:datafield>
   <marc:datafield ind1=" " ind2=" " tag="020">
      <marc:subfield code="a">3517086533</marc:subfield>
      <marc:subfield code="9">3517086533</marc:subfield>
   </marc:datafield>
   <marc:datafield ind1=" " ind2=" " tag="300">
      <marc:subfield code="a">223 S.</marc:subfield>
   </marc:datafield>
</marc:record>
